| 000 | 00460nam a2200169Ia 4500 | ||
|---|---|---|---|
| 003 | GCL | ||
| 008 | 140319s9999 xx 000 0 eng d | ||
| 040 |
_aGCL / _cGCL |
||
| 082 | 0 | 4 |
_a155.4 _bB I |
| 100 | 1 | _aBERK, LAURA E. | |
| 245 | 1 | 0 |
_aINFANTS AND CHILDREN: THROUGH MIDDLE CHILDHOOD / _cBERK, LAURA E. |
| 260 |
_a[S.N] : _bALLYN AND BACON ، _c1994 |
||
| 300 | _a131 P | ||
| 650 | 0 | 4 | _aCHILD PSYCHOLOGY |
| 650 | 0 | 4 | _aCHILD - DEVELOPMENT |
| 942 |
_2ddc _cBK |
||
| 999 |
_c10495 _d10495 |
||